000 00345nas a2200157 a 4500
001 70502
003 144478
005 20201118110823.0
008 ||||||n9999 ||| || ||
041 _aeng
245 0 _aTime - Vol.154 No.14
260 _aEstados Unidos :
_bTime,
_c1999.
562 _e1
773 _021966
_aTime
942 _cSISS
999 _c70502
_d70502